000 00860nas a2200289 4500
001 BR2015004336
003 BR-BrBNA
005 20231205125614.0
007 ta
008 230509b bl.|||p| |||| 00| 00por d
040 _aBR-BrBNA
_bpor
_cBiblioteca Nacional de Agricultura
041 _a(En)
072 _aQ70; N20
100 1 _aBianchini, A.
100 1 _aBorges, P.H. de M.
245 1 _aEvaluation of cotton stalks destroyers
650 _aALGODAO
650 _aSOCA
650 _aRESIDUO
650 _aRESTO DE CULTURA
650 _aIMPLEMENTO AGRICOLA
650 _aELIMINACAO DE RESIDUO
773 0 _tEngenharia Agrícola (Brazil)
_xISSN 1809-4430
_g(Sep-Oct 2013), v. 33(5) p. 965-975
_wBR2015004336
856 4 0 _uhttp://www.scielo.br/pdf/eagri/v33n5/a08v33n5.pdf
909 _a202311
_bLúcia
_c55
_dLúcia Elande
942 _2AGRIS
_n0
_cANA
999 _c245149
_d245149